| 000 | 01161nam a2200349 i 4500 | ||
|---|---|---|---|
| 008 | 741118s1974 gw b 001 0 eng | ||
| 010 | _a 74189626 | ||
| 020 | _a3794031330 | ||
| 020 | _a9783794031832 | ||
| 040 |
_aDLC _cDLC _dDLC |
||
| 041 | 0 | _aengger | |
| 043 | _aa-ja--- | ||
| 050 | 0 | 0 |
_aZ5815.J3 _bT44 |
| 082 | 0 | 0 | _a016.370952 |
| 092 | 0 | 4 |
_a370.952016 _bT262 _221 |
| 099 |
_a04 _a370.952016 T262 |
||
| 100 | 1 | _aTeichler, Ulrich. | |
| 245 | 1 | 0 |
_aBibliography on Japanese education : _bpostwar publications in Western languages = Bibliographie zum japanischen Erziehungswesen / _cUlrich Teichler, Friedrich Voss. |
| 260 |
_aPullach [Isartal] : _bVerlag Dokumentation, _c1974. |
||
| 300 |
_a294 p. ; _c21 cm. |
||
| 500 | _aEnglish and German. | ||
| 500 | _aIncludes index. | ||
| 546 | _aIn English. | ||
| 650 | 0 |
_aEducation _zJapan _xBibliography. |
|
| 700 | 1 |
_aVoss, Friedrich, _ejoint author. |
|
| 740 | 0 | _aBibliographie zum japanischen Erziehungswesen. | |
| 902 | _a1 | ||
| 905 |
_aJamal _eCat. |
||
| 905 |
_aJihan _eRev. |
||
| 942 |
_2ddc _cBK |
||
| 999 |
_c135466 _d135466 |
||